000 00902cam a22003013a 4500
001 3013
003 PGUSA
005 20140828083024.0
008 020101s2002||||xxu|||||s|||||000 | eng d
040 _aPGUSA
_beng
042 _adc
050 4 _aPA
100 1 _aAristophanes,
_d-450--388
245 1 4 _aThe Birds
_h[electronic resource] /
_cAristophanes
260 _bProject Gutenberg,
_c2002
506 _aPublic domain in the USA.
516 _aElectronic text
653 _aGreek drama (Comedy) -- Translations into English
653 _aComedies
653 _aImaginary societies -- Drama
653 _aGods, Greek -- Drama
653 _aAthens (Greece) -- Social life and customs -- Drama
653 _aAristophanes -- Translations into English
653 _aBirds -- Drama
830 0 _aProject Gutenberg
_v3013
856 4 0 _uhttp://www.gutenberg.org/ebooks/3013
942 _cEB
999 _c232343
_d232343